• 首页
  • 本馆介绍
  • 公告通知
  • 最新文献
  • 馆藏检索
  • 电子资源
  • 读者导购
  • 参考咨询
  • 我的图书馆
  • 登录
  • 详细信息显示
  • 放入我的书架
  • 预约/预借图书
  • 作者相关作品
  • 分类相关作品
  • 丛书相关作品
  • 出版社相关作品

书目信息

  • 表格格式
  • 工作单格式
  • 卡片格式
题名:
蒋介石与黄埔“四凶”
    
 
作者: 尹家民 著
分册:  
出版信息: 北京   中共中央党校出版社  1993.1
页数: 325页
开本: 19cm
丛书名: 黄埔纪实文学系列
单 册:
中图分类: E296.3 , I247.53
科图分类:
主题词: 历史小说--中国--现代 , 长篇小说--中国--现代
电子资源:
ISBN: 7-5035-0667-9
000 00965nam2 2200289 45
001 0193024144
005 20061113154725.20
010    @a7-5035-0667-9@dCNY5.40
100    @a19800101d1993 em y0chiy0121 ea
101 0  @achi
102    @aCN@b110000
105    @af z 000ad
200 10 @a蒋介石与黄埔“四凶”@AJIANG JIE SHI YU HUANG PU SI XIONG@f尹家民著@FYIN JIA MIN ZHU
210    @a北京@c中共中央党校出版社@d1993.1
215    @a325页@c照片@d19cm
225 2  @a黄埔纪实文学系列@v2
330    @a本书描写了蒋介石与邓演达、恽代英、高语罕、张治中之间的微妙关系和国共两党之间盘根错节的利害关系。
410  0 @120010@a黄埔纪实文学系列
540 1  @a蒋介石 黄埔 四凶@AJIANG JIE SHI HUANG PU SI XIONG
601 02 @a黄埔军校@x史料
606    @a历史小说@y中国@z现代
606    @a长篇小说@y中国@z现代
690    @aE296.3@v三版
690    @aI247.53@v三版
701  0 @a尹家民@AYIN JIA MIN@4著
801  0 @aCN@bTSSF@c20061113
905    @a10447@dI247.53@e930
    
    蒋介石与黄埔“四凶”/尹家民著.-北京:中共中央党校出版社,1993.1
    325页:照片;19cm.-(黄埔纪实文学系列;2)
    
    
    ISBN 7-5035-0667-9:CNY5.40
    本书描写了蒋介石与邓演达、恽代英、高语罕、张治中之间的微妙关系和国共两党之间盘根错节的利害关系。
●
相关链接 在E读中查询图书 在五车中查询图书 在当当中查询图书 在豆瓣中查询图书


正题名:蒋介石与黄埔"四凶"     索取号:I247.53/930         预约/预借

序号 登录号 条形码 馆藏地/架位号 状态 备注
1 0258645   000094347   第一样本阅览室/ [索取号:I247.53/930] 在馆    
唐山师范学院图书馆 欢迎您!
大连网信软件有限公司© 版权所有